The Oxford companion to classical civilization /

محفوظ في:

المؤلف الرئيسي: Hornblower, Simon (مؤلف)

مؤلفون آخرون: Spawforth, Antony.

التنسيق: كتاب

اللغة: English

الموضوعات:

الوسوم: إضافة وسم

لا توجد وسوم, كن أول من يضع وسما على هذه التسجيلة!

رقم الطلب: ( REF )DE5 .O94 1998

LEADER 01226namaa2200313 4500
001 17107
003 OSt
005 20210807120941.0
008 130303s1998 enkabf g bd 001 0 eng d
952 |0 0  |1 0  |2 lcc  |4 0  |7 1  |9 17499  |a ARCE  |b ARCE  |d 2021-08-07  |l 0  |o ( REF )DE5 .O94 1998  |p 1035183  |r 2021-08-07 00:00:00  |w 2021-08-07  |y BK 
999 |c 14364  |d 14364 
010 |a 99191129 
020 |a 0198601654 
040 |c ARCE Library 
043 |a mm----- 
050 0 4 |a ( REF )DE5 .O94 1998 
100 1 |a Hornblower, Simon,  |e author  |9 32265 
245 1 4 |a The Oxford companion to classical civilization /  |c edited by Simon Hornblower and Antony Spawforth. 
246 3 |a Companion to classical civilization 
264 1 |a Oxford ;  |a New York :  |b Oxford University Press,  |c 1998. 
300 |a xxiv, 793, [12] pages, [16] pages of color plates :  |b illustrations (some color), maps ;  |c 25 cm. 
500 |a Shortened version of third (1996) edition of the Oxford Classical Dictionary. 
504 |a Bibliography : pages [794]. 
650 0 |a Classical dictionaries. 
651 0 |a Mediterranean Region  |x Civilization  |v Dictionaries. 
700 1 |a Spawforth, Antony.  |9 40345 
730 0 |a Oxford classical dictionary. 
901 |a reviewed 
942 |c BK  |2 lcc